000
00301 a2200145 4500
001
174138
020
_a
040
_c
Magnum
100
_a
Rosa, Joao Guimaraes
240
1
0
_a
Grande sertao veredas
_l
por
245
1
0
_a
Grande sertao veredas
362
0
_a
1899
697
_a
A/ROMANCE
942
_c
BK
999
_c
174138
_d
174138